The Land Registration Act 2002 (Amendment) Order 2008 (Record no. 108942)

MARC details
000 -LEADER
fixed length control field 01759cad a22002895a 4500
001 - CONTROL NUMBER
control field L145845
008 - FIXED-LENGTH DATA ELEMENTS--GENERAL INFORMATION
fixed length control field 081113e20081110xxk f lf000 0 eng d
035 ## - SYSTEM CONTROL NUMBER
System control number (Sirsi) u145845
041 0# - LANGUAGE CODE
Language code of text/sound track or separate title eng
050 04 - LIBRARY OF CONGRESS CALL NUMBER
Classification number 346.41043 $2 18
110 2# - MAIN ENTRY--CORPORATE NAME
Corporate name or jurisdiction name as entry element United Kingdom
Form subheading Laws, etc.
9 (RLIN) 5044
245 04 - TITLE STATEMENT
Title The Land Registration Act 2002 (Amendment) Order 2008
Medium [electronic resource]
260 ## - PUBLICATION, DISTRIBUTION, ETC.
Place of publication, distribution, etc. London
Name of publisher, distributor, etc. OPSI
Date of publication, distribution, etc. 2008
490 #0 - SERIES STATEMENT
Series statement SI
Volume/sequential designation 2008, 2872
505 2# - FORMATTED CONTENTS NOTE
Formatted contents note Citation, commencement and interpretation -- Amendment of section 4 of the Act -- Amendment of section 7 of the Act
520 ## - SUMMARY, ETC.
Summary, etc. Statutory Instrument makes amendments to the Land Registration Act 2002 by adding two new events that trigger compulsory first registration of title. Also provides that the requirement of registration in S4 of the Act applies on transfer of a qualifying estate giving effect to a partition of land subject to a trust of land, or in consequence of the appointment of a new trustee in the circumstances set out in that article. Also amends S7 of the Act by adding sanctions that will apply when a transfer of a qualifying estate of a kind described becomes void where the duty to apply for registration in S6 has not been complied with. Comes into force 6 April 2009.
521 ## - TARGET AUDIENCE NOTE
Target audience note Advanced
590 ## - LOCAL NOTE (RLIN)
Local note KA NTK
650 24 - SUBJECT ADDED ENTRY--TOPICAL TERM
Topical term or geographic name entry element LAND REGISTRATION ACT 2002 (AMENDMENT) ORDER 2008
650 24 - SUBJECT ADDED ENTRY--TOPICAL TERM
Topical term or geographic name entry element TRUSTEE ACT 1925 S44
650 24 - SUBJECT ADDED ENTRY--TOPICAL TERM
Topical term or geographic name entry element CHARITIES ACT 1993 S83
650 24 - SUBJECT ADDED ENTRY--TOPICAL TERM
Topical term or geographic name entry element LAND REGISTRATION ACT 2002
651 #4 - SUBJECT ADDED ENTRY--GEOGRAPHIC NAME
Geographic name United Kingdom
Chronological subdivision
690 ## - LOCAL SUBJECT ADDED ENTRY--TOPICAL TERM (OCLC, RLIN)
Topical term or geographic name as entry element PROPERTY-PROPERTY ACQUISITION AND DISPOSAL-REGISTRATION OF TITLE TO PROPERTY-LAND REGISTRATION
856 40 - ELECTRONIC LOCATION AND ACCESS
Uniform Resource Identifier <a href="https://www.opsi.gov.uk/si/si2008/uksi_20082872_en_1">https://www.opsi.gov.uk/si/si2008/uksi_20082872_en_1</a>
Public note View the item free of charge online at www.opsi.gov.uk...
942 ## - ADDED ENTRY ELEMENTS (KOHA)
Suppress in OPAC 0
Holdings
Withdrawn status Lost status Source of classification or shelving scheme Damaged status Not for loan Home library Current library Shelving location Date acquired Total Checkouts Full call number Barcode Date last seen Copy number Price effective from Koha item type
    Dewey Decimal Classification     Virtual Virtual Online 13/11/2008   ONLINE PUBLICATION 145845-1001 06/08/2019 1 06/08/2019 Book